000 01072cam a22003257a 4500
003 CHAP
005 20220329135355.0
008 971013s r 00010 d
010 _a35259
011 _a36231
035 _a40350
040 _cCHAP
090 _aFolleto 3607
110 _aMéxico. Secretaría de Agricultura y Ganadería
_977111
245 1 3 _aEl CIANO y el noroeste, 4 años de labor
260 _a(s.l. :
_bs.e.),
_c(s.a.)
300 _a61 p.
_b: ilus
590 _aBATCH-UPD
_b10
_c20130110
_lUCH01
_h1015
590 _aBATCH-UPD
_b10
_c20130410
_lUCH01
_h0622
590 _aBATCH-UPD
_b10
_c20130913
_lUCH01
_h2104
590 _aCONVERSION
_b10
_c20130109
_lUCH01
_h1320
650 1 4 _aAgricultura
_xInvestigación
_xMéxico.
_91643
650 1 4 _aCultivos
_xBaja California.
_930232
650 1 4 _aCultivos
_xSonora.
_930327
901 _aBK
942 _cFOLL
949 _aFolleto 3607
_bBC
_cFOLL
_d-92264
_eTS1
_i40350
_mD
_si
949 _aFolleto 3607
_bBC
_cFOLL
_d-92265
_eTS2
_fc.2
_i40350
_si
949 _aFolleto 3607
_bBC
_cFOLL
_d-92266
_eTS2
_fc.3
_i40350
_si
999 _c35259
_d35259